000 00455nam a2200169Ia 4500
003 LK-CoDNM
008 010623t1921 xxu||||| |||| 00| 1 eng d
040 _aLK-CoDNM
_dLK-CoDNM
_eLK-CoDNM
041 _aeng
080 _a22 H.2
100 _aDuff, Tam
245 _aA History of the Mahrattas
260 _bOxford University of London
_c1921
300 _b579p.,map., iill., 20 cm
650 _aSouthern western and part of central India
942 _cBK
999 _c90395
_d90395